Prashasan aru loka neeti: (Record no. 11203)

MARC details
000 -LEADER
fixed length control field 00519nam a22001937a 4500
005 - DATE AND TIME OF LATEST TRANSACTION
control field 20260515114908.0
008 - FIXED-LENGTH DATA ELEMENTS--GENERAL INFORMATION
fixed length control field 211110b ||||| |||| 00| 0 eng d
040 ## - CATALOGING SOURCE
Original cataloging agency IN-DiNC
Transcribing agency IN-DiNC
041 ## - LANGUAGE CODE
Language code of sung or spoken text asm
082 ## - DEWEY DECIMAL CLASSIFICATION NUMBER
Classification number 351
Item number DAS
100 ## - MAIN ENTRY--PERSONAL NAME
Personal name Das, Deepan
Relator term author
245 ## - TITLE STATEMENT
Title Prashasan aru loka neeti:
Remainder of title awadharana aru tattwasamuh/
Statement of responsibility, etc. by Deepan Das
250 ## - EDITION STATEMENT
Edition statement 1st ed.
260 ## - PUBLICATION, DISTRIBUTION, ETC.
Place of publication, distribution, etc. Dibrugarh:
Name of publisher, distributor, etc. Banalata,
Date of publication, distribution, etc. 2021
300 ## - PHYSICAL DESCRIPTION
Extent 271p.
650 ## - SUBJECT ADDED ENTRY--TOPICAL TERM
Topical term or geographic name entry element Public administration
650 ## - SUBJECT ADDED ENTRY--TOPICAL TERM
Topical term or geographic name entry element Public policy
942 ## - ADDED ENTRY ELEMENTS (KOHA)
Source of classification or shelving scheme Dewey Decimal Classification
Koha item type Books
Holdings
Withdrawn status Lost status Source of classification or shelving scheme Damaged status Not for loan Collection Home library Current library Shelving location Date acquired Cost, normal purchase price Total checkouts Full call number Barcode Date last seen Date last checked out Copy number Price effective from Koha item type
    Dewey Decimal Classification       Naharkatiya College Library Naharkatiya College Library General stacks 11/10/2021 300.00 15 351 DAS 28681 03/24/2026 03/20/2026 1 11/10/2021 Books
    Dewey Decimal Classification       Naharkatiya College Library Naharkatiya College Library General stacks 11/10/2021 300.00 8 351 DAS 28682 03/20/2026 02/23/2026 2 11/10/2021 Books
    Dewey Decimal Classification       Naharkatiya College Library Naharkatiya College Library General stacks 11/10/2021 300.00 9 351 DAS 28683 10/30/2023 10/12/2023 3 11/10/2021 Books
    Dewey Decimal Classification       Naharkatiya College Library Naharkatiya College Library General stacks 11/10/2021 300.00 6 351 DAS 28684 11/13/2023 11/03/2023 4 11/10/2021 Books